Southville International School and Colleges
Your cart is empty.
  • Cart
  • Lists
    Public lists list_1 View all
    Your lists Log in to create your own lists
  • Log in to your account
  • Your cookies
  • Search history
Southville International School and Colleges
  • Advanced search
  • Recent comments
  • Most popular
  • Libraries

Log in to your account

Log in with GOOGLE


If you do not have an external account, but do have a local account, you can still log in:

  1. Home
  2. MARC view: The talking eggs :
Normal view MARC view ISBD view

The talking eggs : (Record no. 112013)

[ view plain ]
MARC details
000 -LEADER
fixed length control field 00557nam a2200181 a 4500
001 - CONTROL NUMBER
control field 1674
005 - DATE AND TIME OF LATEST TRANSACTION
control field 20140414131926.0
008 - FIXED-LENGTH DATA ELEMENTS--GENERAL INFORMATION
fixed length control field 001108s19uu xx 00 eng d
020 ## - INTERNATIONAL STANDARD BOOK NUMBER
International Standard Book Number 0-590-44189-2
050 ## - LIBRARY OF CONGRESS CALL NUMBER
Classification number ER
Item number T14 1989
100 ## - MAIN ENTRY--PERSONAL NAME
Personal name San Souci, Robert
245 ## - TITLE STATEMENT
Title The talking eggs :
Remainder of title a folktale from the American South /
Statement of responsibility, etc retold by Robert D. San Souci ; pictures by Jerry Pinkney.
260 ## - PUBLICATION, DISTRIBUTION, ETC. (IMPRINT)
Place of publication, distribution, etc New York :
Name of publisher, distributor, etc Scholastic,
Date of publication, distribution, etc 1989.
300 ## - PHYSICAL DESCRIPTION
Extent 1 v. p. : ill. ; cm.
650 ## - SUBJECT ADDED ENTRY--TOPICAL TERM
Topical term or geographic name as entry element Fiction.
650 ## - SUBJECT ADDED ENTRY--TOPICAL TERM
Topical term or geographic name as entry element Folktales, American South.
Holdings
Withdrawn status Lost status Damaged status Use restrictions Home library Current library Shelving location Date acquired Source of acquisition Total Checkouts Full call number Barcode Date last seen Price effective from Koha item type
        Munich Library Munich Library Easy Reading Section 12/28/2004     ER T14 1989 M3010 04/14/2014 04/14/2014 Books

The talking eggs :

APA

San Souci R., . (1989). The talking eggs. New York: Scholastic.

Chicago

San Souci Robert, . 1989. The talking eggs. New York: Scholastic.

Harvard

San Souci R., . (1989). The talking eggs. New York: Scholastic.

MLA

San Souci Robert, . The talking eggs. New York: Scholastic. 1989.

  • Place hold
  • Print
  • Cite
  • Add to your cart (remove)
  • Save record
    BIBTEX Dublin Core MARCXML MARC (non-Unicode/MARC-8) MARC (Unicode/UTF-8) MARC (Unicode/UTF-8, Standard) MODS (XML) RIS
  • More searches
    Search for this title in:
    Other Libraries (WorldCat) Other Databases (Google Scholar) Online Stores (Bookfinder.com) Open Library (openlibrary.org)

Exporting to Dublin Core...

SOUTHVILLE LIBRARY

Southville International School and Colleges Library

1281 Tropical Ave. Cor. Luxembourg St., BF Homes International, Las Pinas City

Tel. No. 8256374 / 252358 Loc. 117/146

Powered by Koha